The Prussian primary school system as seen by a Virginia traveler a century ago, (Record no. 21556)

MARC details
000 -LEADER
fixed length control field 01010cam a22002291 4500
001 - CONTROL NUMBER
control field e 37000313
003 - CONTROL NUMBER IDENTIFIER
control field DLC
005 - DATE AND TIME OF LATEST TRANSACTION
control field 20260227111226.0
008 - FIXED-LENGTH DATA ELEMENTS--GENERAL INFORMATION
fixed length control field 810220s1936 vau 000 0 eng c
010 ## - LIBRARY OF CONGRESS CONTROL NUMBER
LC control number e 37000313
035 ## - SYSTEM CONTROL NUMBER
System control number (OCoLC)7142680
040 ## - CATALOGING SOURCE
Original cataloging agency U.S. Off. of educ. Library
Transcribing agency Vi
Modifying agency Vi
-- DLC
050 00 - LIBRARY OF CONGRESS CALL NUMBER
Classification number LA733
Item number .S6
100 1# - MAIN ENTRY--PERSONAL NAME
Personal name Smith, B. M.
Fuller form of name (Benjamin Mosby),
Dates associated with a name 1811-1893.
245 14 - TITLE STATEMENT
Title The Prussian primary school system as seen by a Virginia traveler a century ago,
Remainder of title with suggestions as to its application to the state of Virginia.
Statement of responsibility, etc. A report submitted to the Governor of Virginia on January 15, 1839, by the Rev. Benjamin Mosby Smith of Danville, Virginia, reprinted from a photostat of House document 26, Virginia. Foreword by Charles William Dabney.
260 ## - PUBLICATION, DISTRIBUTION, ETC.
Place of publication, distribution, etc. [Staunton, Va.,
Name of publisher, distributor, etc. McClure Co., printers,
Date of publication, distribution, etc. 1936]
300 ## - PHYSICAL DESCRIPTION
Extent 33 p.
Dimensions 27 cm.
500 ## - GENERAL NOTE
General note Cover title.
650 #0 - SUBJECT ADDED ENTRY--TOPICAL TERM
Topical term or geographic name entry element Education
Geographic subdivision Germany
-- Prussia.
650 #0 - SUBJECT ADDED ENTRY--TOPICAL TERM
Topical term or geographic name entry element Education
Geographic subdivision Virginia.
650 #0 - SUBJECT ADDED ENTRY--TOPICAL TERM
Topical term or geographic name entry element Public schools
Geographic subdivision Virginia.

No items available.

Powered by Koha